| 000 | 00865cab a2200193 4500 | ||
|---|---|---|---|
| 001 | L130551 | ||
| 008 | 050811n2005 000 0 eng u | ||
| 035 | _a(Sirsi) u130551 | ||
| 041 | _aeng | ||
| 100 | _aBirkby, Gillian | ||
| 245 | _aLowering the obstacles to safety on site | ||
| 260 | _c2005 | ||
| 490 |
_aPlanning (for the Natural and Built Environment) _v(1631) 5 August 2005, 14(1) |
||
| 520 | _aArgues that increased co-operation between planners and designers on health and safety can reduce workloads. Looks at how planners and designers can work together to make the planning process run more smoothly and reduce the time taken to deal with planning applications. | ||
| 590 | _aIKA160805 | ||
| 650 | _aCONSTRUCTION (DESIGN AND MANAGEMENT) REGULATIONS 1994 | ||
| 690 | _aMANAGEMENT-HEALTH AND SAFETY-HEALTH AND SAFETY RISK MANAGEMENT | ||
| 942 | _n0 | ||
| 999 |
_c75693 _d75693 |
||